[Event "Tourn. n9540"]
[Site "www.chess-mail.com"]
[Date "2017.11.03"]
[Round "1"]
[White "Bojan"]
[Black "Norlavuaram"]
[WhiteElo "2000"]
[BlackElo "2070"]
[Result "1/2-1/2"]
[Round "1"]
1.e4 e5
2.Ng1f3 Nb8c6
3.c3 Ng8f6
4.Qd1c2 Bf8c5
5.h3 O-O
6.d3 d5
7.Bc1g5 dxe4
8.dxe4 Qd8d6
9.Nb1d2 Bc8e6
10.Bg5xf6 gxf6
11.b3 a6
12.Ra1d1 Ra8d8
13.Nd2c4 Qd6xd1
14.Qc2xd1 Rd8xd1
15.Kxd1 Bc5xf2
16.Bf1e2 Rf8d8
17.Kc2 Bf2c5
18.g4 b5
19.Nc4d2 Bc5b6
20.Nf3h4 Nc6e7
21.Nd2f1 Bb6f2
22.Nh4f5 Ne7g6
23.Rh1h2 Bf2b6
24.Nf1g3 Ng6f4
25.Be2f1 c5
26.Ng3e2 Nf4xe2
27.Bf1xe2 Kf8
28.Be2f1 Be6c8
29.Rh2f2 Bc8e6
30.Rf2e2 c4
31.b4 Rd8d3
32.Bf1g2 Be6xf5
33.exf5 Ke7
34.a3 { draw }
1/2-1/2

[Event "Tourn. n9573"]
[Site "www.chess-mail.com"]
[Date "2017.11.03"]
[Round "1"]
[White "Attatroll"]
[Black "Dussek"]
[WhiteElo "1960"]
[BlackElo "1810"]
[Result "1-0"]
[Round "1"]
1.d4 d5
2.c4 e6
3.Ng1f3 Ng8f6
4.a3 Bf8e7
5.Nb1c3 c6
6.Bc1f4 Nb8d7
7.e3 O-O
8.Bf1d3 dxc4
9.Bd3xc4 b5
10.Bc4a2 a5
11.O-O Bc8b7
12.Ra1c1 Ra8c8
13.Nf3e5 h6
14.Qd1f3 Qd8b6
15.Qf3g3 Nf6h5
16.Ne5xd7 Nh5xg3
17.Nd7xb6 Rc8d8
18.Bf4c7 Ng3xf1
19.Bc7xd8 Rf8xd8
20.Kxf1 Be7d6
21.Nc3e4 Bd6c7
22.Ne4c5 Bc7xb6
23.Nc5xb7 Rd8d7
24.Nb7c5 Rd7d8
25.Nc5xe6 fxe6
26.Rc1xc6 Rd8b8
27.Rc6xe6 Kh8
28.Re6c6 Bb6d8
29.d5 b4
30.Ba2c4 Bd8f6
31.axb4 axb4
32.b3 Bf6e5
33.Rc6e6 Be5f6
34.e4 Bf6c3
35.d6 Rb8d8
36.e5 { resign }
1-0

[Event "Tourn. n9571"]
[Site "www.chess-mail.com"]
[Date "2017.11.03"]
[Round "1"]
[White "Dussek"]
[Black "Llcervello"]
[WhiteElo "1810"]
[BlackElo "1640"]
[Result "1-0"]
[Round "1"]
1.e4 e5
2.f4 d6
3.Ng1f3 Nb8c6
4.Bf1c4 Ng8h6
5.Nb1c3 Bc8g4
6.d3 Nc6d4
7.O-O Qd8f6
8.Nc3d5 Qf6d8
9.f5 Ra8c8
10.Bc1xh6 Bg4xf3
11.Rf1xf3 Nd4xf3
12.Qd1xf3 gxh6
13.Ra1f1 c6
14.Nd5e3 Qd8b6
15.Qf3h5 Qb6xe3
16.Kh1 Rc8c7
17.Qh5h4 Rh8g8
18.f6 b5
19.Bc4b3 Qe3d4
20.Rf1b1 Qd4f2
21.Qh4xf2 { resign }
1-0

[Event "Tourn. n9582"]
[Site "www.chess-mail.com"]
[Date "2017.11.03"]
[Round "1"]
[White "Apdash"]
[Black "Coolant"]
[WhiteElo "2260"]
[BlackElo "2340"]
[Result "1/2-1/2"]
[Round "1"]
1.e4 e5
2.Ng1f3 Nb8c6
3.d4 exd4
4.Nf3xd4 Qd8h4
5.Nd4xc6 Qh4xe4
6.Bc1e3 Qe4xc6
7.Nb1d2 Ng8f6
8.Nd2f3 Bf8c5
9.Be3xc5 Qc6xc5
10.Bf1e2 O-O
11.O-O Rf8e8
12.Be2d3 d6
13.h3 Bc8f5
14.Bd3xf5 Qc5xf5
15.Nf3d4 Qf5d5
16.Nd4b3 Qd5xd1
17.Ra1xd1 Re8e5
18.Rf1e1 Ra8e8
19.Kf1 Kf8
20.Nb3d4 a6
21.c3 g6
22.Re1xe5 dxe5
23.Nd4b3 b6
24.g3 a5
25.Ke2 a4
26.Nb3c1 Ke7
27.c4 Re8d8
28.Rd1xd8 Kxd8
29.b4 c5
30.bxc5 bxc5
31.Nc1d3 Nf6d7
32.a3 Ke7
33.Ke3 f5
34.f3 Kd6
35.h4 Nd7b6
36.Nd3b2 h6
37.Kd3 g5
38.hxg5 hxg5
39.Ke3 Ke6
40.Kd3 Kf6
41.Ke2 e4
42.fxe4 fxe4
43.g4 Ke6
44.Kd2 { draw }
1/2-1/2

[Event "Tourn. n9598"]
[Site "www.chess-mail.com"]
[Date "2017.11.03"]
[Round "1"]
[White "Joaodelisboa"]
[Black "Malbertan"]
[WhiteElo "2019"]
[BlackElo "1910"]
[Result "1/2-1/2"]
[Round "1"]
1.e4 e5
2.Ng1f3 Nb8c6
3.d4 exd4
4.Nf3xd4 Ng8f6
5.Nd4xc6 dxc6
6.Qd1xd8 Kxd8
7.Bc1g5 Bf8e7
8.Nb1c3 Bc8e6
9.O-O-O Kc8
10.Bf1e2 Rh8d8
11.Rd1xd8 Kxd8
12.Rh1d1 Ke8
13.h3 Ra8d8
14.f4 Rd8xd1
15.Kxd1 Be7b4
16.Bg5xf6 { draw }
1/2-1/2

[Event "Tourn. n9537"]
[Site "www.chess-mail.com"]
[Date "2017.11.03"]
[Round "1"]
[White "Norlavuaram"]
[Black "Francesco"]
[WhiteElo "2070"]
[BlackElo "2130"]
[Result "0-1"]
[Round "1"]
1.e4 c6
2.d4 d5
3.Nb1d2 dxe4
4.Nd2xe4 Bc8f5
5.Ne4g3 Bf5g6
6.Ng1f3 e6
7.h4 h6
8.h5 Bg6h7
9.Bc1f4 Bf8d6
10.Bf4xd6 Qd8xd6
11.Qd1d2 Ng8e7
12.Bf1d3 Bh7xd3
13.Qd2xd3 Nb8d7
14.O-O-O Ne7d5
15.Kb1 O-O-O
16.Ng3e4 Qd6c7
17.g3 Qc7a5
18.a3 Nd7f6
19.Nf3e5 Rh8f8
20.Ne5c4 Qa5c7
21.Nc4e3 Nf6xe4
22.Qd3xe4 Qc7b6
23.c4 Nd5c3
{ resign }
0-1

[Event "Tourn. n9456"]
[Site "www.chess-mail.com"]
[Date "2017.11.03"]
[Round "1"]
[White "Tartan"]
[Black "Astroboy"]
[WhiteElo "2430"]
[BlackElo "2320"]
[Result "1-0"]
[Round "1"]
1.d4 Ng8f6
2.c4 g6
3.Nb1c3 d5
4.cxd5 Nf6xd5
5.e4 Nd5xc3
6.bxc3 Bf8g7
7.Bf1c4 c5
8.Ng1e2 Nb8c6
9.Bc1e3 O-O
10.Ra1c1 cxd4
11.cxd4 Qd8a5
12.Kf1 h5
13.h4 Qa5a3
14.Qd1d2 Rf8d8
15.Bc4d5 e6
16.Bd5b3 Qa3a5
17.Qd2b2 Bc8d7
18.Rh1h3 Qa5a6
19.Bb3c4 Qa6b6
20.Qb2xb6 axb6
21.e5 Rd8c8
22.Be3d2 Nc6a5
23.Bc4d3 Rc8xc1
24.Bd2xc1 b5
25.Bd3b1 Na5c4
26.Rh3b3 Bg7f8
27.Bc1g5 Bd7c6
28.Kg1 b4
29.Bb1d3 Nc4b6
30.Rb3b2 Bc6d5
31.Ne2c1 Nb6a4
32.Rb2c2  { time }
1-0

[Event "Tourn. n9601"]
[Site "www.chess-mail.com"]
[Date "2017.11.03"]
[Round "1"]
[White "Begory"]
[Black "Cristiano"]
[WhiteElo "1630"]
[BlackElo "1770"]
[Result "0-1"]
[Round "1"]
1.d4 Ng8f6
2.Bc1f4 d6
3.d5 g6
4.Nb1c3 Bf8g7
5.e4 O-O
6.Bf1d3 Nb8d7
7.Ng1f3 e5
8.dxe6 fxe6
9.O-O e5
10.Bf4g5 a6
11.Bd3c4 Kh8
12.Bg5xf6 Nd7xf6
13.Nf3g5 Qd8e7
14.Ng5e6 Bc8xe6
15.Bc4xe6 Qe7xe6
16.Nc3d5 Nf6xd5
17.Qd1xd5 Qe6xd5
18.exd5 e4
19.Rf1e1 Ra8e8
20.c4 Bg7d4
21.Ra1b1 Bd4xf2
{ resign }
0-1

[Event "Tourn. n9581"]
[Site "www.chess-mail.com"]
[Date "2017.11.03"]
[Round "1"]
[White "Vios"]
[Black "Luban"]
[WhiteElo "2120"]
[BlackElo "2090"]
[Result "1-0"]
[Round "1"]
1.e4 c5
2.c3 d5
3.exd5 Qd8xd5
4.d4 cxd4
5.cxd4 e6
6.Nb1c3 Bf8b4
7.Ng1f3 h6
8.Bf1e2 Ng8f6
9.O-O Bb4xc3
10.bxc3 Nb8c6
11.Bc1a3 Qd5d8
12.Ra1b1 Qd8c7
13.Rf1e1 Nc6e7
14.Be2b5 Bc8d7
15.Bb5xd7 Qc7xd7
16.Nf3e5 Qd7c7
17.Qd1b3 O-O
18.Qb3xb7 { resign }
1-0

[Event "Tourn. n9530"]
[Site "www.chess-mail.com"]
[Date "2017.11.03"]
[Round "1"]
[White "Cal"]
[Black "Azulmarino"]
[WhiteElo "1700"]
[BlackElo "1520"]
[Result "0-1"]
[Round "1"]
1.d4 d5
2.h3 e6
3.e3 Nb8c6
4.a3 Bc8d7
5.Nb1c3 a6
6.Ng1f3 Bf8d6
7.b4 Ng8f6
8.Bc1b2 b5
9.Bf1d3 h6
10.O-O Qd8e7
11.Nc3e2 O-O
12.Qd1d2 Nf6h5
13.c3 Qe7f6
14.Ra1b1 e5
15.dxe5 Nc6xe5
16.c4 dxc4
17.Nf3d4 Ne5xd3
18.Bb2c3 Qf6g5
19.Nd4f3 Qg5g6
20.Ne2f4 Nh5xf4
21.exf4 Nd3xf4
22.Nf3h4 Qg6g5
23.g3 Bd6e5
24.Bc3xe5 Nf4xh3
25.Kg2 Qg5xd2
26.Be5xc7 Qd2d5
27.Kh2 Nh3g5
28.Rb1d1 Qd5e6
29.Rf1h1 Qe6h3
30.Kg1 Qh3g4
31.Kg2 Bd7c6
32.f3 Bc6xf3
33.Nh4xf3 Qg4xf3
34.Kg1 Qf3xd1
35.Kg2 Qd1f3
36.Kh2 Ra8e8
37.Bc7d6 Re8e2
38.Kg1 Qf3g2
{ resign }
0-1

[Event "Tourn. n9528"]
[Site "www.chess-mail.com"]
[Date "2017.11.03"]
[Round "1"]
[White "Ssharp"]
[Black "Seger"]
[WhiteElo "2200"]
[BlackElo "2710"]
[Result "0-1"]
[Round "1"]
1.e4 e5
2.Ng1f3 d6
3.d4 exd4
4.Qd1xd4 Nb8c6
5.Qd4d1 Ng8f6
6.Nb1c3 Bf8e7
7.Bf1b5 a6
8.Bb5e2 O-O
9.O-O Rf8e8
10.h3 Be7f8
11.Be2d3 Nc6b4
12.a3 Nb4xd3
13.cxd3 h6
14.Qd1b3 b5
15.Bc1e3 c5
16.Qb3c2 Bc8b7
17.Nf3d2 d5
18.exd5 Nf6xd5
19.Nd2e4 f5
{ resign }
0-1

[Event "Tourn. n9585"]
[Site "www.chess-mail.com"]
[Date "2017.11.03"]
[Round "1"]
[White "Dussek"]
[Black "Begory"]
[WhiteElo "1820"]
[BlackElo "1620"]
[Result "1-0"]
[Round "1"]
1.e4 e5
2.f4 Nb8c6
3.Ng1f3 d6
4.Bf1c4 Bc8g4
5.O-O exf4
6.c3 Ng8f6
7.d3 Bf8e7
8.Bc1xf4 O-O
9.Nb1d2 d5
10.Bc4b3 dxe4
11.Nd2xe4 Nf6xe4
12.dxe4 Qd8xd1
13.Ra1xd1 Ra8d8
14.Bf4xc7 Rd8xd1
15.Rf1xd1 Be7c5
16.Kf1 Bg4xf3
17.gxf3 h6
18.Rd1d7 Nc6e5
19.Bc7xe5 Kh7
20.Rd7xb7 f6
21.Be5d4 Bc5xd4
22.cxd4 { resign }
1-0

[Event "Match"]
[Site "www.echecsemail.com"]
[Date "2017.11.03"]
[Round "1"]
[White "Joaodelisboa"]
[Black "Billyg"]
[WhiteElo "1839"]
[BlackElo "1770"]
[Result "1-0"]
[Round "1"]
1.e4 e5
2.Ng1f3 f6
3.d4 exd4
4.Nf3xd4 Qd8e7
5.Bf1d3 h6
6.Qd1h5 Kd8
7.Nb1c3 c6
8.O-O d6
9.Bc1e3 c5
10.Nd4f3 Qe7c7
11.Bd3b5 Bc8d7
12.Bb5xd7 Qc7xd7
13.Ra1d1 Ng8e7
14.Be3xc5 g6
15.Qh5h4 b6
16.Bc5xd6 Qd7e6
17.Bd6xb8 Kc8
18.Qh4f4 Qe6e5
19.Qf4xe5 fxe5
20.Bb8xe5 Rh8h7
21.Be5d6 Kb7
22.Rd1d2 Ra8d8
23.Rf1d1 Ka6
24.Bd6xe7 Rd8xd2
25.Rd1xd2 Rh7xe7
26.Nf3h4 Re7e6
27.Nc3d5 Re6xe4
28.g3 Re4e6
29.Nd5c7 { resign }
1-0

[Event "Match"]
[Site "www.echecsemail.com"]
[Date "2017.11.03"]
[Round "1"]
[White "Ericleo1980"]
[Black "Cjood"]
[WhiteElo "2270"]
[BlackElo "1850"]
[Result "1-0"]
[Round "1"]
1.e4 g6
2.d4 b6
3.c4 Bc8b7
4.Nb1c3 Bf8g7
5.f4 e6
6.Ng1f3 d6
7.Bc1e3 c6
8.Bf1d3 Nb8d7
9.O-O h5
10.Ra1c1  { time }
1-0

[Event "Match"]
[Site "www.echecsemail.com"]
[Date "2017.11.03"]
[Round "1"]
[White "Traub"]
[Black "Joaodelisboa"]
[WhiteElo "1410"]
[BlackElo "1599"]
[Result "0-1"]
[Round "1"]
1.c4 Ng8f6
2.d4 e6
3.e3 Bf8e7
4.Bf1d3 O-O
5.Ng1e2 d5
6.c5 b6
7.b4 bxc5
8.dxc5 c6
9.Nb1c3 a5
10.b5 cxb5
11.Nc3xb5 Be7xc5
12.Bc1b2 Bc8d7
 { time }
0-1

[Event "Match"]
[Site "www.echecsemail.com"]
[Date "2017.11.03"]
[Round "1"]
[White "Bojan"]
[Black "Mitja"]
[WhiteElo "2030"]
[BlackElo "1990"]
[Result "1-0"]
[Round "1"]
1.e4 d5
2.exd5 Qd8xd5
3.Nb1c3 Qd5d8
4.h3 e6
5.Ng1f3 c6
6.Nc3e4 Ng8f6
7.Bf1d3 Nf6xe4
8.Bd3xe4 Nb8d7
9.d4 Nd7f6
10.Bc1g5 Bf8e7
11.Qd1d3 Nf6xe4
12.Bg5xe7 Qd8xe7
13.Qd3xe4 Qe7b4
14.Nf3d2 Qb4xb2
15.O-O Qb2b4
16.Qe4f4 O-O
17.Nd2e4 Qb4xd4
18.Rf1d1 Qd4b6
19.c4 c5
20.Qf4g5 Qb6c7
21.Ne4f6 Kh8
22.Nf6h5 f6
23.Qg5e3 b6
24.Rd1d2 Rf8d8
25.Ra1d1 Rd8xd2
26.Rd1xd2 Qc7f7
27.Rd2d8 { resign }
1-0

[Event "Match"]
[Site "www.echecsemail.com"]
[Date "2017.11.03"]
[Round "1"]
[White "Gidi5"]
[Black "Pellix84"]
[WhiteElo "2290"]
[BlackElo "2080"]
[Result "1-0"]
[Round "1"]
1.e4 c5
2.Ng1f3 Nb8c6
3.Bf1b5 Qd8c7
4.Nb1c3 Ng8f6
5.O-O a6
6.Bb5xc6 Qc7xc6
7.d4 cxd4
8.Nf3xd4 Qc6c7
9.Bc1e3 e6
10.f4 d6
11.Qd1f3 b6
12.e5 Bc8b7
13.Qf3g3 dxe5
14.fxe5 Nf6d7
15.Nd4f3 g6
16.Nf3g5 Nd7xe5
17.Ng5xf7 Ne5f3
18.Rf1xf3 Qc7xg3
19.hxg3 Bb7xf3
20.Nf7xh8 Bf3g4
21.Ra1f1 Bg4f5
22.Nh8f7 Bf5xc2
23.Nf7g5 Bc2f5
24.Ng5xh7 Bf8e7
25.Be3g5 Be7c5
26.Kh1 Ra8a7
27.Nh7f6 Kf8
28.g4 Bf5d3
29.Rf1f3 { resign }
1-0

[Event "Match"]
[Site "www.echecsemail.com"]
[Date "2017.11.03"]
[Round "1"]
[White "Tonino1"]
[Black "Chapi"]
[WhiteElo "2170"]
[BlackElo "2160"]
[Result "0-1"]
[Round "1"]
1.d4 d5
2.f4 c5
3.e3 Nb8c6
4.c3 Ng8f6
5.Ng1f3 Bc8g4
6.Bf1d3 e6
7.O-O Bf8d6
8.Nb1d2 O-O
9.h3 Bg4h5
10.g4 Bh5g6
11.Bd3xg6 hxg6
12.Nf3e5 cxd4
13.exd4 Nf6d7
14.Nd2f3 Nc6xe5
15.fxe5 Bd6c7
16.g5 f5
17.Bc1f4 b5
18.a3 Nd7b6
19.b3 a5
20.Qd1e2 Qd8d7
21.Nf3d2 Qd7c6
22.Rf1c1 a4
23.b4 Kf7
24.Kg2 Rf8h8
25.Rc1h1 Nb6c4
26.h4 Rh8h5
27.Nd2f1 Ra8h8
28.Qe2f2 Nc4xe5
29.Bf4xe5 Bc7xe5
30.dxe5 Qc6xc3
31.Qf2a7 Kg8
32.Ra1d1 Qc3xe5
33.Qa7f2 Qe5e4
34.Qf2f3 Qe4xf3
35.Kxf3 Rh5xh4
36.Rh1xh4 Rh8xh4
37.Nf1e3 Kf7
38.Rd1c1 d4
39.Rc1c7 Kg8
40.Ne3f1 e5
41.Rc7b7 Rh4h3
42.Kf2 Rh3xa3
43.Rb7xb5 e4
44.Rb5d5 Ra3a2
45.Ke1 d3
46.Nf1g3 Ra2b2
47.b5 a3
 { time }
0-1

[Event "Match"]
[Site "www.echecsemail.com"]
[Date "2017.11.03"]
[Round "1"]
[White "Tonino1"]
[Black "Billyg"]
[WhiteElo "2310"]
[BlackElo "1770"]
[Result "1-0"]
[Round "1"]
1.d4 d5
2.f4 Nb8c6
3.e3 a6
4.c3 Ng8f6
5.Bf1d3 Bc8g4
6.Ng1f3 Nf6e4
7.O-O e6
8.Nb1d2 Ne4xd2
9.Bc1xd2 h6
10.h3 Bg4h5
11.g4 Bh5g6
12.Bd3xg6 fxg6
13.Qd1e1 Qd8e7
14.Nf3e5 Nc6xe5
15.fxe5 O-O-O
16.Qe1f2 Qe7d7
17.Qf2f7 Qd7b5
18.Qf7xe6 Kb8
19.b3 g5
20.Rf1f7 Rd8e8
21.Qe6g6 Re8e7
22.Ra1f1 Qb5e8
23.Qg6f5 Re7xf7
24.Qf5xf7 Qe8xf7
25.Rf1xf7 g6
26.Rf7f6 Bf8g7
27.Rf6xg6 Bg7f8
28.Bd2e1 c5
29.Be1g3 Ka7
30.e6 Rh8h7
31.Bg3e5 cxd4
32.Be5xd4 b6
33.Rg6f6 Bf8d6
34.Rf6f7 Rh7xf7
35.exf7 Kb7
36.Bd4g7 a5
37.f8Q Bd6xf8
38.Bg7xf8 Kc6
39.Bf8xh6 Kd6
40.Bh6xg5 { resign }
1-0

[Event "1/128 Finale"]
[Site "www.chess-mail.com"]
[Date "2017.11.03"]
[Round "1"]
[White "Begory"]
[Black "Gidi5"]
[WhiteElo "1630"]
[BlackElo "2290"]
[Result "0-1"]
[Round "1"]
1.d4 Ng8f6
2.Bc1f4 d6
3.d5 g6
4.Nb1c3 Bf8g7
5.Ng1f3 O-O
6.e3 b6
7.Bf1d3 Bc8b7
8.e4 Nb8d7
9.O-O Nd7c5
10.Rf1e1 Nc5xd3
11.Qd1xd3 Nf6d7
12.e5 Nd7c5
13.Qd3d2 a5
14.exd6 cxd6
15.Qd2e3 Rf8e8
16.Bf4h6 Bg7h8
17.Nf3g5 Bb7c8
18.Qe3f3 f6
19.Qf3e3 fxg5
20.Bh6xg5 Bc8f5
21.h3 Qd8d7
22.g4 Bf5xc2
23.b3 Nc5d3
24.Re1f1 e6
25.dxe6 Re8xe6
26.Qe3xb6 Bh8xc3
27.a4 d5
28.Qb6b5 Qd7xb5
29.axb5 Bc3xa1
30.Rf1xa1 Re6e2
{ resign }
0-1

[Event "Eq:Slap Shot Mates-Tigers of Istanbul : "]
[Site "www.chess-mail.com"]
[Date "2017.11.03"]
[Round "1"]
[White "Fedallah"]
[Black "Witpar"]
[WhiteElo "2270"]
[BlackElo "2710"]
[Result "0-1"]
[Round "1"]
1.d4 Ng8f6
2.c4 g6
3.Ng1f3 Bf8g7
4.g3 O-O
5.Bf1g2 d6
6.O-O Nb8c6
7.Nb1c3 a6
8.h3 Ra8b8
9.e4 b5
10.d5 Nc6a5
11.cxb5 axb5
12.Nf3d2 b4
13.Nc3e2 c5
14.Ra1b1 e6
15.Ne2f4 exd5
16.exd5 Rf8e8
17.Rf1e1 Re8xe1
18.Qd1xe1 g5
19.Nf4d3 Bc8f5
20.Nd2e4 h6
21.f4 Qd8e7
22.Nd3f2 Nf6xe4
23.Nf2xe4 Rb8e8
{ resign }
0-1

[Event "Fast Game"]
[Site "www.echecsemail.com"]
[Date "2017.11.03"]
[Round "1"]
[White "Apdash"]
[Black "Fabos12"]
[WhiteElo "1830"]
[BlackElo "1820"]
[Result "1-0"]
[Round "1"]
1.d4 e6
2.c4 d5
3.Nb1c3 Bf8b4
4.cxd5 exd5
5.a3 Bb4a5
6.Ng1f3 Nb8c6
7.b4 Ba5b6
8.e3 Bc8g4
9.Bf1e2 Ng8f6
10.O-O O-O
11.Qd1c2 Bg4xf3
12.Be2xf3 Rf8e8
{ time. }
1-0

[Event "Tourn. n9533"]
[Site "www.chess-mail.com"]
[Date "2017.11.04"]
[Round "1"]
[White "Begory"]
[Black "Osopanda"]
[WhiteElo "1719"]
[BlackElo "1730"]
[Result "0-1"]
[Round "1"]
1.d4 d6
2.Bc1f4 Ng8f6
3.Nb1c3 Nb8d7
4.Ng1f3 c6
5.e3 Qd8c7
6.d5 g6
7.dxc6 bxc6
8.Bf1c4 Bf8g7
9.O-O e5
10.Bf4g5 O-O
11.e4 Nd7b6
12.Qd1d2 Nb6xc4
13.Qd2d3 Bc8a6
14.Qd3d1 Nc4xb2
15.Qd1c1 Ba6xf1
16.Qc1xb2 Bf1c4
17.h3 Rf8b8
18.Qb2c1 Nf6d7
19.Ra1b1 Kf8
20.Rb1a1 f6
21.Bg5e3 Kf7
22.Qc1d2 Nd7b6
23.Ra1d1 Rb8d8
24.Be3xb6 axb6
25.Nc3e2 d5
26.exd5 Rd8xd5
27.Qd2c1 Bc4xe2
{ resign }
0-1

[Event "Tourn. n9492"]
[Site "www.chess-mail.com"]
[Date "2017.11.04"]
[Round "1"]
[White "Stepanpech"]
[Black "Kermet"]
[WhiteElo "2580"]
[BlackElo "2420"]
[Result "1/2-1/2"]
[Round "1"]
1.e4 c5
2.Ng1f3 Nb8c6
3.d4 cxd4
4.Nf3xd4 Ng8f6
5.Nb1c3 e5
6.Nd4b5 d6
7.Bc1g5 a6
8.Nb5a3 b5
9.Nc3d5 Bf8e7
10.Bg5xf6 Be7xf6
11.c3 O-O
12.Na3c2 Bf6g5
13.a4 bxa4
14.Ra1xa4 a5
15.Bf1c4 Ra8b8
16.b3 Kh8
17.Nc2e3 Nc6e7
18.Nd5xe7 Qd8xe7
19.Ne3d5 Qe7d8
20.O-O f5
21.exf5 Bc8xf5
22.Qd1e2 Bf5d7
23.Ra4a2 Bd7e6
24.Rf1d1 Rb8c8
25.g3 Rc8c5
{ draw }
1/2-1/2

[Event "Tourn. n9579"]
[Site "www.chess-mail.com"]
[Date "2017.11.04"]
[Round "1"]
[White "Begory"]
[Black "Hansen"]
[WhiteElo "1610"]
[BlackElo "1560"]
[Result "0-1"]
[Round "1"]
1.d4 Nb8c6
2.Bc1f4 d5
3.Nb1c3 f6
4.Nc3b5 a6
5.Nb5xc7 Kf7
6.Nc7xa8 Bc8f5
7.Na8c7 e6
8.e3 e5
9.dxe5 Qd8xc7
10.exf6 Bf8d6
11.Qd1xd5 Kxf6
12.Bf4xd6 Qc7d7
13.O-O-O Bf5e6
14.Qd5f3 Kg6
15.Bf1d3 Be6f5
16.Bd3xf5 Qd7xf5
17.Qf3xf5 Kxf5
18.Ng1f3 Ng8f6
19.Nf3d4 Kg6
20.Nd4xc6 bxc6
21.Bd6f4 Rh8c8
22.Rd1d6 c5
23.e4 Kf7
24.Rd6xa6 Nf6xe4
25.Bf4e3 c4
{ resign }
0-1

[Event "Tourn. n9580"]
[Site "www.chess-mail.com"]
[Date "2017.11.04"]
[Round "1"]
[White "Dussek"]
[Black "Et1"]
[WhiteElo "1810"]
[BlackElo "1809"]
[Result "1-0"]
[Round "1"]
1.d4 Ng8f6
2.c4 d5
3.Nb1c3 dxc4
4.e4 c6
5.Bf1xc4 g6
6.Bc1e3 Nf6d7
7.Qd1d2 Nd7b6
8.Bc4b3 Nb8a6
9.a3  { time }
1-0

[Event "Tourn. n9569"]
[Site "www.chess-mail.com"]
[Date "2017.11.04"]
[Round "1"]
[White "Coolant"]
[Black "Jazzy"]
[WhiteElo "2280"]
[BlackElo "2230"]
[Result "1-0"]
[Round "1"]
1.f4 b6
2.e4 e6
3.Ng1f3 Bc8b7
4.Nb1c3 Ng8f6
5.e5 Nf6d5
6.Nc3xd5 Bb7xd5
7.d4 Bf8e7
8.c4 Bd5b7
9.Bf1d3 Be7h4
10.g3 Bh4e7
11.O-O c6
12.Qd1e2 Nb8a6
13.Bc1e3 Na6c7
14.Ra1d1 O-O
15.Qe2c2 g6
16.h4 Nc7e8
17.h5 Ne8g7
18.h6 Ng7f5
19.Bd3xf5 gxf5
20.Qc2h2 Kh8
21.Kf2 Rf8g8
22.Qh2h5 Rg8g6
23.g4 fxg4
24.Nf3g5 g3
25.Kxg3 Be7xg5
26.fxg5 Qd8e7
27.Rf1f6 d6
28.Rd1f1 Ra8f8
29.Rf6xg6 fxg6
30.Rf1xf8 Qe7xf8
31.Qh5g4 Bb7c8
32.exd6 Qf8xd6
33.Qg4f4 Qd6xf4
34.Kxf4 Kg8
35.Ke5 Kf7
36.Kd6 Bc8a6
37.b3 { resign }
1-0

[Event "Tourn. n9566"]
[Site "www.chess-mail.com"]
[Date "2017.11.04"]
[Round "1"]
[White "Tonino1"]
[Black "Apdash"]
[WhiteElo "2280"]
[BlackElo "2180"]
[Result "0-1"]
[Round "1"]
1.d4 d5
2.f4 f6
3.e3 Nb8d7
4.Bf1d3 g6
5.Ng1f3 Bf8g7
6.O-O Ng8h6
7.Nb1d2 O-O
8.c3 c5
9.Qd1e2 Rf8e8
10.h3 e5
11.fxe5 fxe5
12.dxc5 Nd7xc5
13.Bd3c2 d4
14.Qe2c4 Nc5e6
15.exd4 exd4
16.Nf3xd4 Kh8
17.Nd4xe6 Bc8xe6
18.Qc4d3 Qd8b6
19.Kh1 Be6f5
 { time }
0-1

[Event "Tourn. n9589"]
[Site "www.chess-mail.com"]
[Date "2017.11.04"]
[Round "1"]
[White "Apdash"]
[Black "Luban"]
[WhiteElo "2260"]
[BlackElo "2070"]
[Result "0-1"]
[Round "1"]
1.d4 d5
2.Ng1f3 e6
3.c4 dxc4
4.Nb1c3 a6
5.Qd1a4 Bc8d7
6.Qa4xc4 h6
7.e4 b5
8.Qc4b3 c5
9.Bf1e2 c4
10.Qb3d1 Bf8b4
11.a3 Bb4xc3
12.bxc3 Bd7c6
13.Qd1c2 Bc6b7
14.O-O Ng8f6
15.Nf3d2 O-O
16.Be2f3 Nb8c6
17.Rf1d1 Qd8c7
18.a4 Rf8c8
19.e5 Nf6d5
20.Bc1a3 Nc6e7
21.Ba3d6 Qc7d7
22.Nd2e4 Ne7f5
23.Ne4c5 Qd7c6
24.Nc5e4 Nf5xd6
25.Ne4xd6 Qc6d7
26.Nd6xc8 Ra8xc8
27.axb5 axb5
28.Ra1a7 Rc8c7
29.Bf3e4 Nd5xc3
30.Ra7xb7 Nc3xd1
31.Rb7xc7 Qd7xc7
32.Qc2xd1 b4
33.Be4c2 b3
34.Bc2b1 Qc7a5
35.h4 Qa5b4
36.d5 exd5
37.Kh2 c3
38.Qd1xd5 c2
39.Qd5d8 Qb4f8
{ resign }
0-1

[Event "Match"]
[Site "www.echecsemail.com"]
[Date "2017.11.04"]
[Round "1"]
[White "Irene"]
[Black "Apdash"]
[WhiteElo "2100"]
[BlackElo "1920"]
[Result "0-1"]
[Round "1"]
1.d4 Ng8f6
2.Ng1f3 d5
3.Nb1c3 e6
4.e3 c5
5.Bf1e2 cxd4
6.Nf3xd4 Bf8c5
7.a3 O-O
8.O-O Nb8c6
9.Nd4xc6 bxc6
10.b4 Bc5b6
11.g3 e5
12.a4 a5
13.b5 c5
14.Bc1a3 Rf8e8
15.Be2f3 Bc8h3
16.Rf1e1 e4
17.Bf3g2 Qd8d7
18.Re1e2 Bh3g4
19.Nc3xe4 Bg4xe2
20.Ne4xf6 gxf6
21.Qd1xe2 Qd7f5
22.Ra1d1 Ra8d8
23.Qe2d2 d4
24.e4 Qf5g5
25.Ba3c1 Qg5xd2
26.Bc1xd2 c4
27.Kf1 Kg7
28.f3 d3
29.c3 f5
30.exf5 Re8e2
31.f4 Re2f2
{ resign }
0-1

[Event "Match"]
[Site "www.echecsemail.com"]
[Date "2017.11.04"]
[Round "1"]
[White "Sonny1000"]
[Black "Theo64"]
[WhiteElo "1540"]
[BlackElo "1700"]
[Result "1-0"]
[Round "1"]
1.e4 e6
2.e5 d5
3.d4 c5
4.Ng1f3 Nb8c6
5.dxc5 Bf8xc5
6.Bf1b5 Qd8b6
7.Qd1e2 Bc5xf2
8.Qe2xf2 Qb6xb5
9.Nf3g5 f6
10.Ng5xe6 Bc8xe6
11.exf6 Ng8xf6
12.Nb1a3 Qb5a4
13.b3 Qa4e4
14.Qf2e2 Qe4xe2
15.Kxe2 Kf7
16.Na3b5 Ra8e8
17.Nb5d6 Ke7
18.Nd6xe8 Rh8xe8
19.c3 d4
20.Bc1b2 dxc3
21.Bb2xc3 Be6g4
22.Kd3 Re8d8
23.Kc4  { time }
1-0

[Event "Tourn. n9558"]
[Site "www.chess-mail.com"]
[Date "2017.11.05"]
[Round "1"]
[White "Cal"]
[Black "Dussek"]
[WhiteElo "1720"]
[BlackElo "1800"]
[Result "0-1"]
[Round "1"]
1.c4 c5
2.Nb1c3 Ng8f6
3.d3 Nb8c6
4.h3 d5
5.cxd5 Nf6xd5
6.e4 Nd5xc3
7.bxc3 g6
8.Ng1f3 Bf8g7
9.g4 O-O
10.Bc1b2 b6
11.Bf1e2 Bc8b7
12.Qd1c2 Qd8c7
13.O-O Ra8d8
14.a3 Nc6e5
15.Nf3h4 Bb7a6
16.f4 Ne5xd3
17.Be2xd3 Ba6xd3
18.Qc2b3 Bd3xf1
19.Ra1xf1 Rd8d3
20.e5 Rd3xh3
21.Kg2 Rh3d3
22.Qb3c4 Rd3d2
23.Kg3 Rd2xb2
24.Qc4e4 e6
25.Rf1f3 Rf8d8
26.a4 Qc7d7
27.g5 Qd7d2
28.Qe4c4 Qd2h2
29.Kg4 Rd8d1
30.Rf3g3 Rd1g1
31.Qc4d3 Rb2d2
32.Qd3e3 h5
33.gxh6 Bg7xh6
34.Rg3xg1 Bh6xf4
35.Qe3xf4 Qh2xg1
36.Qf4g3 Qg1xg3
37.Kxg3 Rd2d3
38.Kf4 Rd3xc3
39.Nh4g2 Rc3c4
40.Ke3 Rc4xa4
41.Ng2e1 c4
42.Ne1c2 b5
43.Nc2d4 a6
44.Kd2 b4
45.Kc2 Ra4a2
46.Kb1 Ra2d2
47.Nd4c6 b3
48.Nc6b4 a5
49.Nb4c6 a4
50.Nc6b4 c3
51.Kc1 b2
52.Kb1 a3
53.Nb4c2 Rd2xc2
54.Kxc2 a2
{ resign }
0-1

[Event "Tourn. n9499"]
[Site "www.chess-mail.com"]
[Date "2017.11.05"]
[Round "1"]
[White "Wegaman"]
[Black "Johnmcbride"]
[WhiteElo "2100"]
[BlackElo "2030"]
[Result "1/2-1/2"]
[Round "1"]
1.d4 d5
2.c4 dxc4
3.Nb1c3 Bc8d7
4.e4 b5
5.Ng1f3 e6
6.a4 b4
7.Nc3a2 f5
8.exf5 exf5
9.Bf1xc4 Nb8c6
10.O-O Bf8e7
11.Nf3e5 Nc6xe5
12.dxe5 Kf8
13.Qd1d5 Bd7e8
14.Qd5xd8 Ra8xd8
15.a5 h5
16.Bc1e3 c5
17.Ra1d1 Rd8xd1
18.Rf1xd1 Ng8h6
19.h3 g5
20.g3 Nh6f7
21.f4 gxf4
22.Be3xf4 Nf7d8
23.Rd1f1 Kg7
24.Na2c1 Nd8c6
25.a6 Rh8f8
26.Nc1d3 Nc6d4
27.Bf4e3 Be8f7
28.Be3xd4 cxd4
29.Bc4xf7 Rf8xf7
30.Rf1f4 Be7g5
31.Rf4f1 Bg5e3
32.Kg2 Kg6
33.Nd3f4 Be3xf4
34.Rf1xf4 Rf7d7
35.Kf2 d3
36.Ke1 d2
37.Kd1 Rd7d5
38.Rf4xb4 Rd5xe5
39.Kxd2 Re5a5
40.Ke3 Ra5xa6
41.Rb4b5 Ra6f6
42.Rb5b7 { draw }
1/2-1/2

[Event "Tourn. n9604"]
[Site "www.chess-mail.com"]
[Date "2017.11.05"]
[Round "1"]
[White "Apdash"]
[Black "Fantomas"]
[WhiteElo "2230"]
[BlackElo "2170"]
[Result "1-0"]
[Round "1"]
1.e4 e5
2.Ng1f3 Nb8c6
3.d4 exd4
4.Nf3xd4 Nc6xd4
5.Qd1xd4 d6
6.Bf1c4 Qd8e7
7.O-O Qe7f6
8.Qd4d5 Ng8e7
9.Qd5h5 h6
10.c3 Ne7g6
11.f4 Bf8e7
12.e5 Qf6f5
13.Qh5e2 O-O
14.exd6 Be7xd6
15.Bc4d3 Qf5f6
16.f5 Ng6e5
17.Bd3c2 Bc8d7
18.Nb1d2 Bd7c6
19.Nd2e4 Bc6xe4
20.Qe2xe4 b6
21.Bc1e3 Rf8e8
22.Bc2a4 Re8d8
23.b4 Ra8c8
24.Be3f4 Ne5d3
25.Bf4xd6 Rd8xd6
26.Qe4b7 Qf6d8
27.f6 Rc8b8
28.Qb7e4 g6
29.Ra1d1 Nd3b2
30.Rd1xd6 Qd8xd6
31.Ba4b3 Rb8d8
32.Qe4xg6 { resign }
1-0

[Event "Tourn. n9516"]
[Site "www.chess-mail.com"]
[Date "2017.11.05"]
[Round "1"]
[White "Theo64"]
[Black "Dussek"]
[WhiteElo "1669"]
[BlackElo "1880"]
[Result "0-1"]
[Round "1"]
1.e4 e6
2.d4 d5
3.Nb1c3 dxe4
4.Nc3xe4 Nb8c6
5.c3 Bf8e7
6.Ng1f3 Qd8d5
7.Bf1d3 Ng8f6
8.Ne4xf6 Be7xf6
9.O-O O-O
10.h4 h6
11.Bc1f4 Qd5d7
12.Rf1e1 b6
13.Bd3b5 a6
14.Bb5xc6 Qd7xc6
15.Nf3e5 Qc6e8
16.Qd1f3 Ra8b8
17.Ne5c6 Bc8b7
18.d5 Bb7xc6
19.dxc6 Qe8e7
20.Ra1d1 Bf6xh4
21.Rd1d7 Qe7c5
22.Bf4xc7 Rb8c8
23.Re1d1 Bh4f6
24.Bc7d6 Qc5xc6
25.Qf3xc6 Rc8xc6
26.Bd6xf8 Kxf8
27.Rd1d6 Rc6xd6
28.Rd7xd6 Bf6e7
29.Rd6xb6 a5
30.Rb6a6 Be7d8
31.b4 axb4
32.cxb4 Ke7
33.b5 e5
34.b6 Kd7
35.Ra6a7 Kc8
 { time }
0-1